Marketingové aspekty výrobkového inovačního procesu.

Štúdia zavádzania výrobkov na trh. Vznik nových námetov na budúce zameranie výrobného programu firmy. Analýza výberu námetu a jeho vývoja. Testovanie budúceho výrobku na trhu. Zavedenie hotového výrobku do konkurenčných trhových podmienok. Strategické prístupy marketingového mixu.

Guardado en:
Detalles Bibliográficos
Autor principal: Chalupský, V.
Formato: Capítulo de libro
Lenguaje:checo
Materias:
Etiquetas: Agregar Etiqueta
Sin Etiquetas, Sea el primero en etiquetar este registro!

MARC

LEADER 00000naa a2200000 4500
001 r006072
005 20221125080833.0
041 0 |a cze 
044 |a [CS] 
245 1 0 |a Marketingové aspekty výrobkového inovačního procesu.  |c V. Chalupský 
520 |a Štúdia zavádzania výrobkov na trh. Vznik nových námetov na budúce zameranie výrobného programu firmy. Analýza výberu námetu a jeho vývoja. Testovanie budúceho výrobku na trhu. Zavedenie hotového výrobku do konkurenčných trhových podmienok. Strategické prístupy marketingového mixu. 
610 2 0 |a inovácia 
610 2 0 |a marketing 
610 2 0 |a programy výrobné 
610 2 0 |a konkurencia 
610 2 0 |a výrobky 
610 2 0 |a firmy 
100 1 |a Chalupský, V.